000 00286nam a22001337a 4500
008 170904b xxu||||| |||| 00| 0 eng d
020 _a9780757577666
041 _aeng
080 _a070
100 _a40
101 _aMED
245 _aORAL COMMUNICATION
_cWART,K.T
942 _2udc
_cBK
999 _c25911
_d25911